000 00402nam a2200157Ia 4500
008 210716s1987 xx 000 0 und d
020 _a876924658
041 _aeng
082 _a005.133 WORL
100 _aWortman, Leon A;Sidebottom, Thomas O.
245 _aC programming tutor.
250 _a1
260 _aNew Delhi
_bPHI Learning Pvt Ltd
_c1987
300 _axiv,274
650 _aC Programming
999 _c180945
_d180945